1339 1214 1279 1013 1302 1468 1782 1986 1669 1667 1741 1434 1843 1049 1734 1299 1072 1982 1039 1417 1611 1642 1651 1829 1954 1079 1261 1427 1632 1294 1701 1439 1107 1124 1415 1490 1428 1418 1760 1398 1743 1408 1993 1108 1313 1990 1997 1787 1849 1251 1454 1289 1874 1961 1954 1346 1838 1701 1590 1455 1211 1916 1873 1311 1614 1985 1304 1950 1981 1811 1270 1631 1911 1939 1140 1403 1838 1559 1021 1431 1433 1703 1690 1915 1564 1605 1882 1942 1568 1293 1272 1060 1015 1820 1490 1673 1667 1660 1029 BCNSPRNW ULIB Ver.6.0+V

เปลี่ยนเป็นภาษาไทย

Change to English
 แสดงรายละเอียดบรรณานุกรม
  กลับหน้าหลัก

Brief Record : Get Marc (ISO 2709) : E-mail record : QR code < ปิดหน้าต่าง
LEADER : 00000nam 2200000uu 4500
001    13399114957
003     ULIB
008    110627s2551||||th 000 0 tha d
090    นว.^bP111ห ล2
245 00 หนุ่มแสบสาววุ่น2 : ชุลมุนโรงเรียนปีศาจ/^c
260    กรุงเทพฯ :^b,^c2551
300     หน้า
945    ^p0^l0^i024499
995    ทศพร
999 ^a ใช้งานได้ทุกระบบ
รายการนี้ยังไม่มีแท็ก
คุณยังไม่ได้ล็อกอิน คุณสามารถมีกิจกรรมร่วมกับเว็บไซต์ได้ แต่ต้องล็อกอินก่อน ::
  ล็อกอิน

รายการสื่อสารสนเทศ

ลำดับที่ ประเภท เลขเรียก/บาร์โค้ด สถานที่ สถานะ
1. นวนิยาย
นวนิยาย
นว. P111ห ล2 ฉ.1 
  Barcode: 024499
ห้องสมุดวิทยาเขตสวรรค์ประชารักษ์
►นวนิยาย
บนชั้น
  ขอยืม

BibComment


ยังไม่เคยถูกคอมเมนท์

คอมเมนท์ทรัพยากรรายการนี้
  คอมเมนท์: หนุ่มแสบสาววุ่น2 ..


 Copyright 2026. Bcnsprnw @Library